Reforma agraria y desarrollo capitalista en América Latina / (Registro nro. 3709)

Detalles MARC
000 -LEADER
fixed length control field 01244nam a2200265Ia 4500
003 - CONTROL NUMBER IDENTIFIER
control field OSt
005 - DATE AND TIME OF LATEST TRANSACTION
control field 20200707153250.0
008 - FIXED-LENGTH DATA ELEMENTS--GENERAL INFORMATION
fixed length control field 191128s1986 ck gr 000 0dspa d
020 ## - INTERNATIONAL STANDARD BOOK NUMBER
International Standard Book Number 9586280381
040 ## - CATALOGING SOURCE
Original cataloging agency CO-JMCR
Transcribing agency CO-JMCR
041 0# - LANGUAGE CODE
Language code of text/sound track or separate title spa
082 04 - DEWEY DECIMAL CLASSIFICATION NUMBER
Classification number 330.98 /
Item number G215r
Edition number 23
100 1# - MAIN ENTRY--PERSONAL NAME
Personal name García, Antonio,
Dates associated with a name 1912-1982,
Relator term autor
9 (RLIN) 6810
245 10 - TITLE STATEMENT
Title Reforma agraria y desarrollo capitalista en América Latina /
Statement of responsibility, etc. Antonio García
250 ## - EDITION STATEMENT
Edition statement 1a edición
260 ## - PUBLICATION, DISTRIBUTION, ETC.
Place of publication, distribution, etc. Bogotá :
Name of publisher, distributor, etc. Centro de Investigaciones para el Desarrollo,
Date of publication, distribution, etc. 1986.
300 ## - PHYSICAL DESCRIPTION
Extent 131 Páginas
Dimensions 23 cm.
500 ## - GENERAL NOTE
General note Biografía del autor en contra portada.
505 0# - FORMATTED CONTENTS NOTE
Formatted contents note Asentamientos rurales y patronales de ocupación del territorio en america latian -- El modelo hispanocolonial de ocupación del territorio y de asentamiento rural.
520 0# - SUMMARY, ETC.
Summary, etc. Este primer libro de la Colección Facultad de Ciencias Económicas, lanzada en honor a su autor. En 1945 funda Antonio García el Instituto de Ciencias Económicas en la Universidad Nacional, el más antiguo centro de enseñanza de la Economía en Colombia.
650 14 - SUBJECT ADDED ENTRY--TOPICAL TERM
Topical term or geographic name entry element Desarrollo económico
9 (RLIN) 6811
650 24 - SUBJECT ADDED ENTRY--TOPICAL TERM
Topical term or geographic name entry element América Latina
9 (RLIN) 6812
650 24 - SUBJECT ADDED ENTRY--TOPICAL TERM
Topical term or geographic name entry element Reforma agraria
Geographic subdivision América Latina
9 (RLIN) 6813
942 ## - ADDED ENTRY ELEMENTS (KOHA)
Source of classification or shelving scheme Dewey Decimal Classification
Koha item type Books
Existencias
Withdrawn status Lost status Source of classification or shelving scheme Materials specified (bound volume or other part) Damaged status Not for loan Home library Current library Shelving location Date acquired Source of acquisition Total Checkouts Full call number Barcode Date last seen Date last checked out Copy number Price effective from Koha item type
    Dewey Decimal Classification Donación--23/07/2018--     Biblioteca Pública José María del Castillo y Rada Biblioteca Pública José María del Castillo y Rada General Stacks 11/28/2019 Donación 1 330.98 / G215r 201807699 11/08/2024 11/07/2024 Ej.1 11/28/2019 Books